000 01339cam a22003617a 4500
003 CHAP
005 20220329141827.0
008 971121d1997 mx b r 00110 spa d
010 _a74453
011 _a75425
035 _a84988
040 _cCHAP
090 _aTesis
100 0 0 _aOlivar Rosales, Marco Antonio.
_983037
245 1 0 _aCostos de producción y comercialización de cebolla (Allium cepa L.) en Tetelilla, municipio de Jonacatepec, Morelos
_c/por Marco Antonio Olivar Rosales
260 _aChapingo, Méx. :
_bEl autor,
_c1997.
300 _a135 h. :
_bmapas
502 _aTesis (Lic. en Comercio Internacional de Productos Agropecuarios) -- UACH. Departamento de Economía Agrícola
590 _aALEPH
_b10
_c20130110
_lUCH01
_h1419
590 _aBATCH-UPD
_b10
_c20130110
_lUCH01
_h0459
590 _aBATCH-UPD
_b10
_c20130410
_lUCH01
_h0136
590 _aBATCH-UPD
_b10
_c20130914
_lUCH01
_h0906
590 _aCONVERSION
_b10
_c20130109
_lUCH01
_h1341
650 1 4 _aCebolla
_xCostos de producción.
_920758
650 1 4 _aCebolla
_xMercadeo.
_920786
650 1 4 _aCebolla
_xMorelos.
_920790
650 1 4 _aCebolla
_xRendimiento.
_920801
901 _aBK
905 _aMayto Villalobos S.
942 _cFOLL
949 _bBC
_cTES
_d33724000638904
_eTS2
_fc.2
_h31728
_i84988
_so
949 _bBC
_cTES
_d849881
_eTS1
_h31727
_i84988
_sb
999 _c74453
_d74453